| 000 | 00562nam a2200193Ia 4500 | ||
|---|---|---|---|
| 008 | 210417s9999 xx 000 0 und d | ||
| 020 | _a9780750684729 | ||
| 020 | _b750684720 | ||
| 082 | _a658.404 MEL | ||
| 082 | _b2.658.404MEL | ||
| 245 | 0 | _aReal project planning: developing a project delivery strategy | |
| 245 | 0 | _cReal project planning developing a project delivery strategy | |
| 250 | _b"xvii, 344 p. : ill. 25 cm. ; pbk." | ||
| 260 | _aAmsterdam | ||
| 260 | _bElsevier | ||
| 260 | _c2008 | ||
| 700 | _a"Melton,Trish" | ||
| 700 | _bTrish Melton | ||
| 999 |
_c436881 _d436881 |
||